000 00575nam a2200193Ia 4500
003 GCL
008 140319s9999 xx 000 0 ara d
040 _aGCL /
_cGCL
082 0 4 _a345
_bع ش
100 1 _aعبدالحميد الشواربى
_vPurified
_@
…هذب
245 1 0 _aشرح قانون العقوبات /
_cعبدالحميد الشواربى
260 _a[S.N] :
_bمنشاة المعارف ،
_c1991
300 _a804 ص
490 _a
650 0 4 _aالقانون
650 0 4 _aمصر
650 0 4 _aقانون العقوبات
942 _2ddc
_cBK
999 _c47900
_d47900